Pemimpin era globalisasi

Bibliographic Details
Main Author: Husin @ Ibrahim Mamat (Author)
Format: Book
Language:Malay
Published: Kuala Lumpur : Dewan Bahasa dan Pustaka , 2007
Subjects:

MARC

LEADER 00000cam a2200000 7i4500
001 0000052257
005 20071122093000.0
008 070813s2007 my may
020 |a 9789836294777 
090 0 0 |a HM1261   |b .H97 2007 
100 0 |a Husin @ Ibrahim Mamat ,   |e author 
245 1 0 |a Pemimpin era globalisasi   |c Husin @ Ibrahim Mamat 
260 |a Kuala Lumpur :   |b Dewan Bahasa dan Pustaka ,   |c 2007 
300 |a xv, 281 p. ;   |c 22 cm. 
500 |a Contents: 1. Dunia global -- 2. Kepemimpinan -- 3. Syarat menjadi pemimpin -- 4. Kepemimpinan ala Barat -- 5. Kepemimpinan ala Timur -- 6. Kepemimpinan ala Islam -- 7. Pidato sebagai pemantap kepemimpinan -- 8. Pemimpin berkualiti menyeluruh 
504 |a Includes bibliographical references (p. 275-277) and index 
650 0 |a Leadership 
999 |a 1000112113   |b Book   |c OPEN SHELF (30 DAYS)   |e Gong Badak Campus